Language Sixes Quiz Stats

 Plays Quiz Updated Jun 25, 2018

Challenge
Share
Tweet
Embed
Score 0/36 Timer 06:00
3 Plays Today
Hint Answer % Correct
NATO Phonetic Alphabet Vowel Words*Alfa
98.1%
First Six Greek Alphabet Lettersalpha Α α
97.9%
1 to 6 in Spanishuno
97.3%
Official United Nations LanguagesEnglish
97%
First Six Greek Alphabet Lettersbeta Β β
96.7%
Countries where German is an Official LanguageGermany
96%
1 to 6 in Spanishtres
95.7%
Official United Nations LanguagesFrench
95.1%
1 to 6 in Spanishdos
94.7%
Official United Nations LanguagesSpanish
92.7%
Official United Nations LanguagesChinese
91.5%
First Six Greek Alphabet Lettersdelta Δ δ
87.5%
First Six Greek Alphabet Lettersgamma Γ γ
84.3%
Countries where German is an Official LanguageAustria
84%
Countries where German is an Official LanguageSwitzerland
82.6%
1 to 6 in Spanishcinco
82.5%
Official United Nations LanguagesRussian
79.9%
First Six Greek Alphabet Lettersepsilon Ε ε
75.2%
Hint Answer % Correct
1 to 6 in Spanishseis
74%
Official United Nations LanguagesArabic
71%
1 to 6 in Spanishcuatro
70.3%
Countries where German is an Official LanguageBelgium
66.5%
Countries where German is an Official LanguageLuxembourg
64.8%
Countries where German is an Official LanguageLiechtenstein
62.4%
Anagrams of Word 'carets'traces
60.6%
Anagrams of Word 'carets'crates
56.9%
NATO Phonetic Alphabet Vowel Words*Echo
49.3%
NATO Phonetic Alphabet Vowel Words*India
44.7%
NATO Phonetic Alphabet Vowel Words*Oscar
33.5%
NATO Phonetic Alphabet Vowel Words*Yankee
31.4%
First Six Greek Alphabet Letterszeta Ζ ζ
30.8%
NATO Phonetic Alphabet Vowel Words*Uniform
28.6%
Anagrams of Word 'carets'caters
27.8%
Anagrams of Word 'carets'caster
27.6%
Anagrams of Word 'carets'reacts
21.1%
Anagrams of Word 'carets'recast
15.2%

You're not logged in!

Compare scores with friends on all Sporcle quizzes.
OR
Log In

You Might Also Like...

Show Comments

Extras

Top Quizzes Today


Score Distribution

Your Account Isn't Verified!

In order to create a playlist on Sporcle, you need to verify the email address you used during registration. Go to your Sporcle Settings to finish the process.

Report this User

Report this user for behavior that violates our Community Guidelines.

Details: